Top 10 Länder nach Einwohner - Statistiken

Allgemein
  • Dieses Quiz wurde 35 mal gespielt
  • Das Durchschnittsergebnis liegt bei 9 aus 10
Antwortstatistiken
Anzahl Einwohner (2022) Länder % Korrekt
1'436'600'000 China
100%
1'417'200'000 Indien
100%
332'800'000 Vereinigte Staaten
100%
214'800'000 Brasilien
97%
144'300'000 Russland
97%
275'500'000 Indonesien
94%
127'500'000 Mexiko
78%
235'800'000 Pakistan
78%
218'500'000 Nigeria
75%
171'200'000 Bangladesch
66%
Keine übereinstimmenden Quizze gefunden
Verteilung der Resultate
Anzahl Personen mit jedem Resultat
Perzentil nach korrekt beantworteten Fragen
Ihre Resultats-Entwicklung
Sie haben dieses Quiz noch nicht gespielt